La moral social hoy /

Estudio sobre la moral social católica que se ha desarrollado posterior al Concilio Vaticano II. Los autores plantean la génesis de esta moral y la nueva sensibilización de la Iglesia católica para responder a los problemas sociales.

保存先:
書誌詳細
その他の著者: Rubio Carrasco, Miguel (autor) (autor)
フォーマット: 図書
言語:スペイン語
出版事項: Madrid, España : Instituto Superior de Ciencias Morales : El Perpetuo Socorro, 1983
シリーズ:(Estudios de Etica Teológica ; 10)
主題:
タグ: タグ追加
タグなし, このレコードへの初めてのタグを付けませんか!

MARC

LEADER 00000nam^a2200000^a^4500
001 000187322
005 20250521000000.0
009 20260310102254.815
020 |a 84-284-0463-1 
037 |a Acervo ITESO - Biblioteca 
041 |a ESP 
082 |a 241.  |b MOR 
245 0 3 |a La moral social hoy /  |c M. Rubio Carrasco... [et al.]. 
264 1 |a Madrid, España :  |b Instituto Superior de Ciencias Morales :  |b El Perpetuo Socorro,  |c 1983 
300 |a 216 p. 
336 |a texto  |b txt  |2 rdacontenido 
337 |a sin mediación  |b n  |2 rdamedio 
338 |a volumen  |b nc  |2 rdasoporte 
440 1 |a (Estudios de Etica Teológica ;  |v 10) 
520 |a Estudio sobre la moral social católica que se ha desarrollado posterior al Concilio Vaticano II. Los autores plantean la génesis de esta moral y la nueva sensibilización de la Iglesia católica para responder a los problemas sociales. 
649 |a XX 
650 |a Iglesia y Problemas Sociales 
650 |a Iglesia Católica -  |x Historia -  |y Papa, 1963-1978 (San Paulo VI) -  |x Tema Principal 
650 |a Iglesia Católica -  |x Historia -  |y Papa, 1978-2005 (San Juan Pablo II) -  |x Tema Principal 
650 |a Iglesia Católica -  |x Historia -  |y Siglo XX 
650 |a Concilio Vaticano, 1962-1965 -  |x Historia y Crítica 
650 |a Concilios y Sínodos -  |x Historia -  |y Siglo XX 
650 |a Encíclicas -  |x Historia y Crítica 
650 |a Etica Cristiana -  |x Tema Principal 
650 |a Etica en los Negocios 
650 |a Etica Social 
650 |a Teología Social 
650 |a Catolicismo -  |x Tema Principal 
650 |a Cristianismo y Economía 
650 |a Cristianismo y Política 
650 |a Cristianismo y Sociedad 
650 |a Religión 
700 |a Rubio Carrasco, Miguel  |e (autor) 
910 |a Fondo General 
920 |a Impresos - Libros 
930 |a Colección General 
905 |a 101 
901 |a 0500129368  |b IT1  |c ACC  |u 20250521 
902 |a https://opac.biblio.iteso.mx/vufind/Record/000187322